18 bước để xây dựng doanh nghiệp : Bắt đầu hôm nay, xây dựng cơ sở kinh doanh, bảo đảm tương lai
Nội dung cuốn sách cung cấp một quy trình rõ ràng, chính xác và dễ hiểu để làm theo thời gian xây dựng doanh nghiệp mới. Bên cạnh đó cung cấp những chỉ dẫn cần thiết để đảm bảo doanh nghiệp của bạn hoạt động có tổ chức, hợp pháp và đạ...
Saved in:
| Main Author: | |
|---|---|
| Format: | Book |
| Language: | Undetermined |
| Published: |
Hà Nội
Lao động
2010
|
| Subjects: | |
| Tags: |
Add Tag
No Tags, Be the first to tag this record!
|
| Institutions: | Trung tâm Học liệu Trường Đại học Cần Thơ |
|---|
| LEADER | 01129nam a2200217Ia 4500 | ||
|---|---|---|---|
| 001 | CTU_159030 | ||
| 008 | 210402s9999 xx 000 0 und d | ||
| 020 | |c 50000 | ||
| 082 | |a 658.2 | ||
| 082 | |b Th550 | ||
| 100 | |a Nguyễn, Ngọc Nhã Thư | ||
| 245 | 0 | |a 18 bước để xây dựng doanh nghiệp : | |
| 245 | 0 | |b Bắt đầu hôm nay, xây dựng cơ sở kinh doanh, bảo đảm tương lai | |
| 245 | 0 | |c Nguyễn Ngọc Nhã Thư, Nguyễn Hoàn Tuấn | |
| 260 | |a Hà Nội | ||
| 260 | |b Lao động | ||
| 260 | |c 2010 | ||
| 520 | |a Nội dung cuốn sách cung cấp một quy trình rõ ràng, chính xác và dễ hiểu để làm theo thời gian xây dựng doanh nghiệp mới. Bên cạnh đó cung cấp những chỉ dẫn cần thiết để đảm bảo doanh nghiệp của bạn hoạt động có tổ chức, hợp pháp và đạt hiệu quả. | ||
| 650 | |a Corporate governance,Quản trị doanh nghiệp | ||
| 904 | |i QHieu | ||
| 980 | |a Trung tâm Học liệu Trường Đại học Cần Thơ | ||